|
|
|
|
| LEADER |
00817nam a2200193 a 4500 |
| 008 |
090719s1994 ii a b 000 0 eng d |
| 020 |
|
|
|a 8185173605
|
| 040 |
|
|
|a FUG
|c FUG
|
| 082 |
0 |
0 |
|a 821/.7
|2 21
|
| 100 |
1 |
|
|a Banerjee, Laksmisree.
|
| 245 |
1 |
0 |
|a John Keats and the theme of time /
|c by Laksmisree Banerjee.
|
| 260 |
|
|
|a Delhi :
|b Doaba House,
|c 1994.
|
| 300 |
|
|
|a xvi, 183 p. :
|c 22 cm.
|
| 504 |
|
|
|a Includes bibliographical references (p. 177-183).
|
| 541 |
1 |
|
|e 00009324
|
| 600 |
0 |
0 |
|a Keats, John,
|d 1795-1821
|x Criticism and interpretation.
|
| 852 |
4 |
|
|a Ayesha Abed Library
|j General shelf.
|
| 999 |
|
|
|c 2524
|d 2524
|
| 952 |
|
|
|0 0
|1 0
|2 ddc
|4 0
|6 821_700000000000000_BAN
|7 0
|9 2418
|a BRACUL
|b BRACUL
|c GEN
|d 2009-07-22
|g 0.00
|l 4
|m 4
|o 821.7 BAN
|p 3010009324
|r 2024-11-27
|s 2024-11-21
|t 1
|w 2009-07-22
|y BK
|x No price found in the accession register.
|